All Hail Shadow Lyrics (Shadow the Hedgehog) (Sonic) - Statistics

General Stats
  • This quiz has been taken 33 times
  • The average score is 208 of 255
Answer Stats
Answer % Correct
All
100%
all
100%
hail
100%
Shadow!
100%
Shadow
100%
the
100%
can
93%
do
93%
down!
93%
free!
93%
friend!
93%
No
93%
not
93%
to
93%
we
93%
you
93%
You
93%
your
93%
again
86%
bring
86%
ever
86%
find
86%
head
86%
Heroes
86%
it
86%
It’s
86%
long
86%
lose…
86%
need
86%
now
86%
Obliterating
86%
rise
86%
stop
86%
When
86%
win
86%
win!
86%
and
79%
another
79%
Bow
79%
day
79%
everything
79%
ghost
79%
just
79%
left
79%
never
79%
Nothing
79%
nothing
79%
Only
79%
only
79%
over
79%
set
79%
strength
79%
that
79%
that’s
79%
there’s
79%
will
79%
low
71%
Of
71%
of
71%
our
71%
so
71%
strong
71%
trial
71%
you’ve
71%
Determination
64%
for
64%
hope
64%
in
64%
is
64%
Suffer
64%
through
64%
black
57%
comes
57%
meaning
57%
Found
50%
found
50%
Right
50%
right!
50%
searched
50%
tragedies
50%
way
50%
White
50%
white
50%
wrong
50%
chaos
43%
destruction
43%
heart
43%
inside
43%
ourselves
43%
Somewhere
43%
tale
43%
tell
43%
This
43%
this
43%
hole
36%
fills
29%
No matching quizzes found
Score Distribution
Percent of People with Each Score
Percentile by Number Answered
Your Score History
You have not taken this quiz